000 00812nam a2200193 a 4500
001 BRCA_2218
005 20190320203723.0
008 831014s1984 flua---##c---#001-0#eng-#
040 _aDLC
_cDLC
_dDLC
050 4 _aN5020
_b.V36 1984
100 1 _aVan der Marck, Jan
_d1929-
_96670
245 1 0 _aIn Quest of Excellence
_bCivic Pride, Patronage, Connoisseurship
_cJan Van der Marck with contributions by J. Carter Brown ... [et al.].
260 _aMiami, Florida, U.S.A.
_bThe Center for the Fine Arts
_c[1984].
300 _a256 p.
_bil. (algunas a color)
_c30 cm.
500 _aCatálogo de la exposición realizada en el Center for the Fine Arts (Miami, Florida), 14 enero - 22 abril, 1984
650 1 4 _aArte
_xColeccionismo
_96671
650 1 4 _aMuseos de arte
_xExposiciones
_zEstados Unidos
_96672
942 _2lcc
_cB
999 _c1971
_d1971